[Event "SVR-ch MAT-II 36th"]
[Site "Idar Oberstein"]
[Date "2013.03.30"]
[Round "7"]
[White "Toth, Laszlo2222"]
[Black "Sidon, Mike"]
[Result "1/2-1/2"]
[WhiteElo "2039"]
[BlackElo "2005"]
[PlyCount "58"]
[EventDate "2013.03.23"]
[EventType "tourn"]
[EventRounds "7"]
[EventCountry "GER"]
[SourceTitle "EXT 2014"]
[Source "ChessBase"]
[SourceDate "2013.11.20"]
[SourceVersion "1"]
[SourceVersionDate "2013.11.20"]
[SourceQuality "1"]

1. c4 e5 2. g3 Nf6 3. Bg2 c6 4. d3 Bb4+ 5. Bd2 Bxd2+ 6. Nxd2 0-0 7. Ngf3 Re8 8. Qc2 Qe7 9. 0-0 h6 10. e4 d6 11. d4 Na6 12. a3 c5 13. d5 Nc7 14. b4 Na6 15. Rfb1 b6 16. b5 Nc7 17. a4 a5 18. h3 Bd7 19. Kf1 Rf8 20. Nh4 g6 21. Ke2 Nh5 22. Rg1 Ne8 23. Raf1 Neg7 24. Kd1 Rae8 25. Re1 Kh7 26. Kc1 g5 27. Nhf3 f5 28. Nh2 f4 29. g4 Nf6 1/2-1/2

[Event "SVR-ch MAT-II 36th"]
[Site "Idar Oberstein"]
[Date "2013.03.24"]
[Round "3"]
[White "Sidon, Mike"]
[Black "Zirwes, Hans Juergen"]
[Result "0-1"]
[WhiteElo "2005"]
[BlackElo "1920"]
[PlyCount "82"]
[EventDate "2013.03.23"]
[EventType "tourn"]
[EventRounds "7"]
[EventCountry "GER"]
[SourceTitle "EXT 2014"]
[Source "ChessBase"]
[SourceDate "2013.11.20"]
[SourceVersion "1"]
[SourceVersionDate "2013.11.20"]
[SourceQuality "1"]

1. c4 d6 2. d4 g6 3. e4 Bg7 4. f4 e6 5. Nf3 b6 6. Nc3 Bb7 7. Be2 Nd7 8. 0-0 Ne7 9. Be3 0-0 10. Qc2 f5 11. Ng5 Re8 12. Nxe6 Qc8 13. Nxg7 Kxg7 14. e5 Ng8 15. Bf3 c5 16. Nb5 Bxf3 17. Nxd6 Be4 18. Nxe4 fxe4 19. Qxe4 cxd4 20. Bxd4 Nc5 21. e6+ Kf8 22. Qe5 Nxe6 23. f5 gxf5 24. Rxf5+ Ke7 25. Raf1 Kd8 26. Rf7 Qc6 27. Rd1 Kc8 28. Bf2 Nd8 29. Qf5+ Qe6 30. Rxd8+ Kxd8 31. Qf3 Rb8 32. Rxa7 Nf6 33. Bh4 Rf8 34. Qd3+ Ke8 35. Qb3 Nd7 36. Qd3 Rf7 37. Qg3 Qg6 38. Qe3+ Kf8 39. h3 Re8 40. Qd4 Rg7 41. g3 Qb1+ 0-1

[Event "SVR-op 35th"]
[Site "Nickenich"]
[Date "2012.04.07"]
[Round "7"]
[White "Sidon, Mike"]
[Black "Gruschinski, Rainer"]
[Result "0-1"]
[WhiteElo "2013"]
[BlackElo "1995"]
[PlyCount "61"]
[EventDate "2012.03.30"]
[EventType "swiss"]
[EventRounds "7"]
[EventCountry "GER"]
[SourceTitle "EXT 2013"]
[Source "ChessBase"]
[SourceDate "2012.11.22"]
[SourceVersion "1"]
[SourceVersionDate "2012.11.22"]
[SourceQuality "1"]

1. c4 c5 2. Nc3 Nf6 3. Nf3 e6 4. d4 cxd4 5. Nxd4 a6 6. g3 Qc7 7. Qd3 b6 8. Bg2 Bb7 9. Nf3 d6 10. 0-0 Be7 11. b3 Nbd7 12. Bb2 0-0 13. Rac1 Rad8 14. Rfd1 Rfe8 15. Qb1 Qb8 16. Ne1 Bxg2 17. Nxg2 Qb7 18. Rd2 b5 19. cxb5 axb5 20. Nf4 d5 21. e3 Ne5 22. Rdd1 Nf3+ 23. Kf1 d4 24. exd4 Nxh2+ 25. Ke2 Qf3+ 26. Ke1 e5 27. dxe5 Rxd1+ 28. Nxd1 Bb4+ 29. Bc3 Rxe5+ 30. Ne3 Bxc3+ 31. Rxc3 0-1

[Event "SVR-op 35th"]
[Site "Nickenich"]
[Date "2012.04.05"]
[Round "5"]
[White "Sidon, Mike"]
[Black "Kottemer, Juergen"]
[Result "1-0"]
[WhiteElo "2013"]
[BlackElo "2070"]
[PlyCount "53"]
[EventDate "2012.03.30"]
[EventType "swiss"]
[EventRounds "7"]
[EventCountry "GER"]
[SourceTitle "EXT 2013"]
[Source "ChessBase"]
[SourceDate "2012.11.22"]
[SourceVersion "1"]
[SourceVersionDate "2012.11.22"]
[SourceQuality "1"]

1. c4 Nf6 2. Nc3 e6 3. e4 e5 4. Nf3 Nc6 5. d4 exd4 6. Nxd4 Bb4 7. Nxc6 bxc6 8. e5 Qe7 9. Qe2 Ng4 10. Qxg4 Qxe5+ 11. Qe2 Qxe2+ 12. Bxe2 0-0 13. 0-0 Re8 14. Be3 d5 15. cxd5 Bxc3 16. bxc3 cxd5 17. Rfd1 c6 18. h3 h6 19. Rab1 f5 20. Bf1 g5 21. Re1 f4 22. Bc5 Bf5 23. Rbc1 Rab8 24. Bxa7 Rxe1 25. Rxe1 Rb7 26. Bc5 Rb2 27. Ra1 1-0

[Event "SVR-op 35th"]
[Site "Nickenich"]
[Date "2012.04.05"]
[Round "4"]
[White "Sidon, Mike"]
[Black "Spreemann, Ralf"]
[Result "1/2-1/2"]
[WhiteElo "2013"]
[BlackElo "2026"]
[PlyCount "55"]
[EventDate "2012.03.30"]
[EventType "swiss"]
[EventRounds "7"]
[EventCountry "GER"]
[SourceTitle "EXT 2013"]
[Source "ChessBase"]
[SourceDate "2012.11.22"]
[SourceVersion "1"]
[SourceVersionDate "2012.11.22"]
[SourceQuality "1"]

1. c4 Nf6 2. Nc3 c5 3. Nf3 g6 4. d4 cxd4 5. Nxd4 Nc6 6. e4 d6 7. Be2 Bg7 8. Nc2 0-0 9. 0-0 Be6 10. Be3 Na5 11. b3 Nc6 12. Qd2 Ng4 13. Bxg4 Bxg4 14. f3 Bd7 15. Bh6 Qa5 16. Bxg7 Kxg7 17. Ne3 a6 18. Rac1 Rfd8 19. Rfd1 Be6 20. Ncd5 Qxd2 21. Rxd2 Kf8 22. Kf2 Rac8 23. Nb6 Rb8 24. Ned5 Ne5 25. h3 Nd7 26. Ke3 f6 27. Rdc2 Kf7 28. Nxd7 1/2-1/2

[Event "SVR-op 35th"]
[Site "Nickenich"]
[Date "2012.03.31"]
[Round "2"]
[White "Sidon, Mike"]
[Black "Vossen, Daniel"]
[Result "1-0"]
[WhiteElo "2013"]
[BlackElo "1878"]
[PlyCount "61"]
[EventDate "2012.03.30"]
[EventType "swiss"]
[EventRounds "7"]
[EventCountry "GER"]
[SourceTitle "EXT 2013"]
[Source "ChessBase"]
[SourceDate "2012.11.22"]
[SourceVersion "1"]
[SourceVersionDate "2012.11.22"]
[SourceQuality "1"]

1. c4 e5 2. Nc3 Nc6 3. Nf3 f5 4. d4 e4 5. Ng5 Nf6 6. g3 h6 7. Nh3 d5 8. Nf4 dxc4 9. e3 g5 10. Ng6 Rg8 11. Nxf8 Rxf8 12. Bxc4 Bd7 13. b3 Qe7 14. Nb5 0-0-0 15. Ba3 Nb4 16. Nxa7+ Kb8 17. Nb5 c5 18. Bxb4 cxb4 19. Qd2 Bc6 20. a3 Bxb5 21. Bxb5 bxa3 22. 0-0 Qf7 23. Bc4 Qh5 24. Be2 Ng4 25. Bxg4 Qxg4 26. Qa5 Rd6 27. Rxa3 Rc8 28. Qe5 Kc7 29. Rc1+ Kd7 30. Qb5+ Ke6 31. Rxc8 1-0

[Event "SVR-op 33rd"]
[Site "Mendig"]
[Date "2010.04.01"]
[Round "4"]
[White "Sidon, Mike"]
[Black "Kottemer, Juergen"]
[Result "0-1"]
[WhiteElo "2018"]
[BlackElo "2070"]
[PlyCount "52"]
[EventDate "2010.03.27"]
[EventType "swiss"]
[EventRounds "7"]
[EventCountry "GER"]
[SourceTitle "EXT 2011"]
[Source "ChessBase"]
[SourceDate "2010.11.26"]
[SourceVersion "1"]
[SourceVersionDate "2010.11.26"]
[SourceQuality "1"]

1. d4 d5 2. Nf3 Nf6 3. Bf4 e6 4. e3 c5 5. c3 Nc6 6. Bd3 Be7 7. Nbd2 a6 8. Ne5 Nxe5 9. dxe5 Nd7 10. Qg4 g5 11. Bxg5 Bxg5 12. f4 Bh6 13. c4 Nb6 14. cxd5 Nxd5 15. Ke2 Bd7 16. Ne4 Bf8 17. Rhd1 Qb6 18. Bc4 0-0-0 19. b3 Be7 20. Qh5 Be8 21. Qg4 Bb5 22. Kf2 Kb8 23. Bxb5 Qxb5 24. Nd6 Bxd6 25. exd6 Nc3 26. Qg7 Qe2+ 0-1

[Event "SVR-op 33rd"]
[Site "Mendig"]
[Date "2010.03.27"]
[Round "2"]
[White "Sidon, Mike"]
[Black "Schlich, Mara"]
[Result "1/2-1/2"]
[WhiteElo "2018"]
[BlackElo "1599"]
[PlyCount "87"]
[EventDate "2010.03.27"]
[EventType "swiss"]
[EventRounds "7"]
[EventCountry "GER"]
[SourceTitle "EXT 2011"]
[Source "ChessBase"]
[SourceDate "2010.11.26"]
[SourceVersion "1"]
[SourceVersionDate "2010.11.26"]
[SourceQuality "1"]

1. c4 Nf6 2. Nc3 d5 3. cxd5 Nxd5 4. g3 Nxc3 5. bxc3 Bd7 6. Bg2 Nc6 7. Rb1 Qc8 8. Ba3 g6 9. Nf3 Bg7 10. Qb3 Rb8 11. d3 Bh3 12. Bxh3 Qxh3 13. Qxf7+ Kxf7 14. Ng5+ Ke8 15. Nxh3 Bxc3+ 16. Kf1 Kd7 17. Ng5 b6 18. Kg2 Rbf8 19. Ne4 Bg7 20. Rhc1 Rc8 21. e3 Ne5 22. d4 Nf7 23. f4 Nd6 24. Kf3 Rhf8 25. Ng5 h6 26. Ne4 Bf6 27. Nxf6+ exf6 28. e4 Rf7 29. Bxd6 cxd6 30. Rxc8 Kxc8 31. Rc1+ Rc7 32. Rxc7+ Kxc7 33. d5 b5 34. Ke3 a5 35. Kd4 b4 36. Kc4 Kb6 37. h3 h5 38. h4 Ka6 39. e5 fxe5 40. fxe5 dxe5 41. d6 Kb7 42. Kd5 Kc8 43. Kxe5 a4 44. Kd4 1/2-1/2

[Event "SVR-ch MAT 31th"]
[Site "Idar Oberstein"]
[Date "2008.03.22"]
[Round "9"]
[White "Sidon, Mike"]
[Black "Liesenfeld, Holger"]
[Result "1-0"]
[WhiteElo "1817"]
[BlackElo "1860"]
[PlyCount "89"]
[EventDate "2008.03.14"]
[EventType "tourn"]
[EventRounds "9"]
[EventCountry "GER"]
[SourceTitle "EXT 2009"]
[Source "ChessBase"]
[SourceDate "2008.11.26"]
[SourceVersion "1"]
[SourceVersionDate "2008.11.26"]
[SourceQuality "1"]

1. c4 f5 2. d4 Nf6 3. Nc3 g6 4. h4 d5 5. cxd5 Nxd5 6. h5 Bg7 7. Qb3 e6 8. Nf3 Nxc3 9. bxc3 Qd5 10. Qxd5 exd5 11. Bf4 c6 12. hxg6 hxg6 13. Rxh8+ Bxh8 14. Ne5 Bxe5 15. Bxe5 Nd7 16. Bf4 b5 17. a4 a6 18. axb5 cxb5 19. e4 Bb7 20. exf5 gxf5 21. Bd3 Nf6 22. Bxf5 Ne4 23. Rc1 Bc8 24. Bg6+ Ke7 25. f3 Kf6 26. Bh5 Ng5 27. Kd2 Bf5 28. Bxg5+ Kxg5 29. Bf7 Rd8 30. Re1 Kf6 31. Re5 Bh3 32. Bxd5 Bxg2 33. Bb7 Rd6 34. Ke2 Bh3 35. Re8 a5 36. Rh8 Be6 37. Ra8 a4 38. Be4 Rb6 39. d5 Bf7 40. Ke3 Ke5 41. f4+ Kd6 42. Kd4 b4 43. c4 Kc7 44. Rxa4 b3 45. Ra7+ 1-0

[Event "SVR-ch MAT 31th"]
[Site "Idar Oberstein"]
[Date "2008.03.20"]
[Round "7"]
[White "Pikatz, Frank"]
[Black "Sidon, Mike"]
[Result "1/2-1/2"]
[WhiteElo "1655"]
[BlackElo "1817"]
[PlyCount "37"]
[EventDate "2008.03.14"]
[EventType "tourn"]
[EventRounds "9"]
[EventCountry "GER"]
[SourceTitle "EXT 2009"]
[Source "ChessBase"]
[SourceDate "2008.11.26"]
[SourceVersion "1"]
[SourceVersionDate "2008.11.26"]
[SourceQuality "1"]

1. d4 d5 2. Nf3 Nf6 3. e3 e6 4. Bd3 c5 5. c3 Nbd7 6. Nbd2 Bd6 7. 0-0 0-0 8. Re1 Qc7 9. e4 cxd4 10. cxd4 dxe4 11. Nxe4 Nxe4 12. Rxe4 Be7 13. Bf4 Qb6 14. Qd2 Nf6 15. Re5 Bd7 16. Bg5 g6 17. Bxf6 Bxf6 18. Rh5 Bg7 19. Rh4 1/2-1/2

[Event "SVR-ch MAT 31th"]
[Site "Idar Oberstein"]
[Date "2008.03.15"]
[Round "2"]
[White "Sidon, Mike"]
[Black "Bakos, Andreas"]
[Result "1-0"]
[WhiteElo "1817"]
[BlackElo "1874"]
[PlyCount "80"]
[EventDate "2008.03.14"]
[EventType "tourn"]
[EventRounds "9"]
[EventCountry "GER"]
[SourceTitle "EXT 2009"]
[Source "ChessBase"]
[SourceDate "2008.11.26"]
[SourceVersion "1"]
[SourceVersionDate "2008.11.26"]
[SourceQuality "1"]

1. c4 e6 2. e4 c6 3. d4 d5 4. Nc3 a6 5. cxd5 cxd5 6. exd5 exd5 7. Qb3 Ne7 8. Nf3 Nbc6 9. Bd3 b5 10. h3 h6 11. 0-0 Be6 12. Re1 Qd6 13. Ne2 g5 14. Bd2 Bg7 15. Rac1 0-0 16. a3 Rfc8 17. Bb1 Rab8 18. h4 f6 19. hxg5 hxg5 20. Ng3 Bf7 21. Nf5 Nxf5 22. Bxf5 Re8 23. Qd3 Rxe1+ 24. Rxe1 Re8 25. Rxe8+ Bxe8 26. Bh7+ Kf8 27. Ne1 Qe6 28. Nc2 Bf7 29. Ne3 Ke8 30. a4 bxa4 31. Qxa6 Nxd4 32. Qa8+ Kd7 33. Qa7+ Kc6 34. Qxd4 Bf8 35. Qxa4+ Kb7 36. Qb5+ Ka8 37. Bf5 Qd6 38. Qa5+ Kb7 39. Qb5+ Ka8 40. Qd3 Kb7 1-0